Sports Quiz

Random Sports or NFL Quiz

NFL's 2008 Passing Leaders Quiz Stats

 Plays Quiz not verified by Sporcle

Challenge
Share
Tweet
Embed
Score 0/20 Timer 07:00
0 Plays Today
Yards % Correct
4,002Peyton Manning
98.3%
3,238Eli Manning
98.1%
5,069Drew Brees
97.1%
3,472Brett Favre
89%
4,009Philip Rivers
88%
3,916Donovan McNabb
84.4%
3,693Matt Cassel
84.3%
4,563Kurt Warner
83.6%
4,526Jay Cutler
83.3%
3,301Ben Roethlisberger
83%
Yards % Correct
3,448Tony Romo
82%
3,440Matt Ryan
80.6%
4,038Aaron Rodgers
79.4%
2,971Joe Flacco
76.6%
3,653Chad Pennington
72.9%
3,043Matt Schaub
72.1%
3,288Jake Delhomme
66.9%
2,972Kyle Orton
66.3%
3,245Jason Campbell
64.8%
3,620David Garrard
61.5%

You're not logged in!

Compare scores with friends on all Sporcle quizzes.
OR
Log In

You Might Also Like...

Show Comments

Extras

Top Quizzes Today


Score Distribution

Your Account Isn't Verified!

In order to create a playlist on Sporcle, you need to verify the email address you used during registration. Go to your Sporcle Settings to finish the process.

Report this User

Report this user for behavior that violates our Community Guidelines.

Details: